| 000 | 01282nam a22002655i 4500 | ||
|---|---|---|---|
| 001 | 80568 | ||
| 003 | BD-RjUL | ||
| 005 | 20221019104629.0 | ||
| 008 | 221020s1936 ua b 000 0 ara | ||
| 035 | _a(BD-RjUL)80568 | ||
| 040 |
_aDLC _beng _erda _cDLC |
||
| 041 | _aara | ||
| 082 |
_223 _a909.09767 _bKUI 1936 |
||
| 100 | 1 |
_aكرد علي، محمد # # Kurd ʻAlī, Muḥammad, _d1876-1953, _eauthor. _95338 |
|
| 245 | 1 | 3 |
_aالإسلام والحضارة العربية / # # al-Islām wa-al-ḥaḍārah al-ʻArabīyah / _cتأليف الأديب العلامة المؤرخ محمد كرد علي، المتوفى 1372 هـ ؛ تحقيق محمد بن يوسف القاضي. # # taʼlīf al-Adīb al-ʻAllāmah al-Muʼarrikh Muḥammad Kurd ʻAlī, al-mutawaffá 1372 H ; taḥqīq Muḥammad ibn Yūsuf al-Qāḍī. |
| 264 | 1 |
_aal-Qāhirah : _bMaktabat al-Thaqāfah al-Dīnīyah, _c1936 |
|
| 264 | 1 |
_aالقاهرة : _bمكتبة الثقافة الدينية، |
|
| 300 |
_avolumes ; _c24 cm |
||
| 504 | _aIncludes bibliographical references. | ||
| 505 | _aVol. 2.-- | ||
| 650 |
_aIslamic civilization; civilization, _95339 |
||
| 650 |
_aMiddle East; politics and government _95340 |
||
| 700 | 1 |
_aQāḍī, Muḥammad ibn Yūsuf, _eeditor. _95341 |
|
| 942 |
_2ddc _cBK |
||
| 999 |
_c80568 _d80568 |
||